ENCYCLOPAEDIA OF DATABASE MANAGEMENT SYS (Record no. 4028)

MARC details
000 -LEADER
fixed length control field 00342nam a2200145Ia 4500
008 - FIXED-LENGTH DATA ELEMENTS--GENERAL INFORMATION
fixed length control field 240624s9999 xx 000 0 und d
041 ## - LANGUAGE CODE
Language code of text/sound track or separate title eng
082 ## - DEWEY DECIMAL CLASSIFICATION NUMBER
Classification number 005.7403 KUM
100 ## - MAIN ENTRY--PERSONAL NAME
Personal name KUMAR SUDHIR
245 ## - TITLE STATEMENT
Title ENCYCLOPAEDIA OF DATABASE MANAGEMENT SYS
260 ## - PUBLICATION, DISTRIBUTION, ETC.
Date of publication, distribution, etc. 2004
Place of publication, distribution, etc. New Delhi
Name of publisher, distributor, etc. Universal
300 ## - PHYSICAL DESCRIPTION
Extent 886p
365 ## - TRADE PRICE
Currency code RS
440 ## - SERIES STATEMENT/ADDED ENTRY--TITLE
Volume/sequential designation 3
Holdings
Withdrawn status Lost status Damaged status Not for loan Home library Current library Shelving location Date acquired Source of acquisition Cost, normal purchase price Full call number Barcode Date last seen Copy number Price effective from Koha item type
        IMTN IMTN Rack 3-B 11/03/2006 AP 5500.00 005.7403 KUM 4028 06/24/2024 1 06/24/2024 Books
Designed & Maintained by: LRC IMT Nagpur Contact: lrc@imtnag.ac.in© 2024. All Rights Reserved.